[Event "TUR-ch (Women)"]
[Site "Gaziantep"]
[Date "2024.03.04"]
[Round "3"]
[White "Cemali, Seda"]
[Black "Dogan, Ipek"]
[Result "1-0"]
[WhiteElo "1534"]
[BlackElo "1579"]
[PlyCount "91"]
[EventDate "2024.03.03"]
[EventType "swiss"]
[EventRounds "9"]
[EventCountry "TUR"]
[SourceTitle "CB11_2024"]
[SourceDate "2024.03.13"]
[SourceVersion "1"]
[SourceVersionDate "2024.03.13"]
[SourceQuality "1"]

1. e4 c5 2. Nf3 d6 3. c3 Nf6 4. Be2 Nbd7 5. d3 b6 6. h3 Bb7 7. Be3 e6 8. 0-0 Be7 9. Nfd2 d5 10. Qc2 0-0 11. f4 dxe4 12. dxe4 Rc8 13. c4 Rc7 14. Nc3 a6 15. e5 Ne8 16. Nde4 f5 17. Nd2 Kh8 18. Bf3 Bxf3 19. Nxf3 g6 20. a4 Nb8 21. a5 bxa5 22. Rxa5 Nc6 23. Raa1 Nb4 24. Qe2 Ng7 25. Rfd1 Rd7 26. Ne1 Rxd1 27. Rxd1 Qc7 28. Nd3 Nxd3 29. Rxd3 g5 30. Qd1 Qb8 31. Rd7 Re8 32. Na4 Qb4 33. b3 gxf4 34. Bxf4 Kg8 35. Bh6 Qb8 36. Bf4 Kf7 37. Nxc5 Qb6 38. Qd6 Qb4 39. Bg5 f4 40. Rxe7+ Rxe7 41. Qxe7+ Kg8 42. Bxf4 Qe1+ 43. Kh2 Qf2 44. Nxe6 Nxe6 45. Qxe6+ Kg7 46. Bh6+ 1-0